Identificación, categorización y cuantificación de residuos de construcción en viviendas de mampostería confinada
Guardado en:
| Hovedforfatter: | |
|---|---|
| Andre forfattere: | |
| Format: | Bog |
| Sprog: | Spanish |
| Udgivet: |
[San José], Costa Rica
2021.
|
| Fag: |
RESIDUOS DE CONSTRUCCION Y DEMOLICION - ADMINISTRACION - GRAN AREA METROPOLITANA (COSTA RICA)
> RESIDUOS DE CONSTRUCCION Y DEMOLICION - IDENTIFICACION - GRAN AREA METROPOLITANA (COSTA RICA)
> RESIDUOS DE CONSTRUCCION Y DEMOLICION
> RESIDUOS DE CONSTRUCCION Y DEMOLICION - MEDICION - GRAN AREA METROPOLITANA (COSTA RICA)
> RESIDUOS DE CONSTRUCCION Y DEMOLICION - GRAN AREA METROPOLITANA (COSTA RICA)
> MAMPOSTERIA
|
| Online adgang: | https://cedi.ucr.ac.cr/civil/identificacion-categorizacion-y-cuantificacion-de-residuos-de-construccion-en-viviendas-de-mamposteria-confinada/ |
| Tags: |
Tilføj Tag
Ingen Tags, Vær først til at tagge denne postø!
|
MARC
| LEADER | 00000nam a2200000Ia 4500 | ||
|---|---|---|---|
| 003 | 013408 | ||
| 005 | 20230502150114.0 | ||
| 008 | 140116s2021 cr a 000 ||spa d | ||
| 040 | |c cru CEDI | ||
| 100 | |a Rímolo Kruse, Sofía Isabel, 1995- |9 156 | ||
| 245 | |a Identificación, categorización y cuantificación de residuos de construcción en viviendas de mampostería confinada | ||
| 260 | |a [San José], Costa Rica |c 2021. | ||
| 500 | |a Proyecto de graduación (licenciatura en ingeniería civil)--Universidad de Costa Rica. Facultad de Ingeniería. Escuela de Ingeniería Civil, | ||
| 501 | |a Directora de Proyecto de Graduación: Ing. Nidia Cruz Zúñiga | ||
| 650 | |x RESIDUOS DE CONSTRUCCION Y DEMOLICION - ADMINISTRACION - GRAN AREA METROPOLITANA (COSTA RICA) |x RESIDUOS DE CONSTRUCCION Y DEMOLICION - IDENTIFICACION - GRAN AREA METROPOLITANA (COSTA RICA) |x RESIDUOS DE CONSTRUCCION Y DEMOLICION |x RESIDUOS DE CONSTRUCCION Y DEMOLICION - MEDICION - GRAN AREA METROPOLITANA (COSTA RICA) |x RESIDUOS DE CONSTRUCCION Y DEMOLICION - GRAN AREA METROPOLITANA (COSTA RICA) |x MAMPOSTERIA | ||
| 700 | |9 99 |a Cruz Zúñiga, Nidia |d Directora del TFG | ||
| 856 | |u https://cedi.ucr.ac.cr/civil/identificacion-categorizacion-y-cuantificacion-de-residuos-de-construccion-en-viviendas-de-mamposteria-confinada/ |y https://cedi.ucr.ac.cr/civil/identificacion-categorizacion-y-cuantificacion-de-residuos-de-construccion-en-viviendas-de-mamposteria-confinada/ | ||
| 942 | |c CEDI |h TFG 8559 |2 ddc |6 TFG_8559_000000000000000 | ||
| 999 | |c 21910 |d 21910 | ||
